Score 0/25 Timer 03:00
3 Plays Today
% Correct
Big Bang Theory
92.9%
Price Is Right
91.5%
Amazing Race
89.6%
Good Wife
89.2%
Dukes of Hazzard
88.3%
Fresh Prince of Bel-Air
87.8%
Facts of Life
87.7%
Beverly Hillbillies
86.7%
Sopranos
85.7%
Walking Dead
85.6%
Odd Couple
84.5%
Wonder Years
83.6%
Honeymooners
83.3%
% Correct
Young and the Restless
82.8%
X-Files
79.4%
Love Boat
77.2%
West Wing
76%
King of Queens
74.1%
Real World
73.7%
Golden Girls
71.4%
Tudors
69.3%
Shield
58.3%
Kids in the Hall
56.7%
X-Factor
53.1%
Newsroom
53%
Remove Ads.
Support Sporcle.
Get the best of Sporcle when you Go Orange. This ad-free experience offers more features, more stats, and more fun while also helping to support Sporcle. Thank you for becoming a member.

You're not logged in!

Compare scores with friends on all Sporcle quizzes.
OR
Log In

Show Comments

Extras

Top Quizzes Today


Score Distribution

Your Account Isn't Verified!

In order to create a playlist on Sporcle, you need to verify the email address you used during registration. Go to your Sporcle Settings to finish the process.

Report this User

Report this user for behavior that violates our Community Guidelines.

Details: